Cooperativismo y poder público en España /

Bibliographic Details
Main Author: Burzaco Samper, María (Author)
Format: Electronic eBook
Language:Spanish
Published: Madrid : Editorial Dykinson, S.L., 2014.
Series:Dykinson eBook.
Subjects:
Online Access:Digitalia Hispánica

MARC

LEADER 00000nam a2200000Ii 4500
001 DIGDYK0783
003 NyNyDIG
006 m o d
007 cr |||||||||||
008 220820s2014 sp ob 000 0 spa d
035 |a (OCoLC)1171698693 
040 |a DGITA  |b eng  |e rda  |e pn  |c DGITA 
020 |a 9788490853450  |q pdf 
043 |a e-sp--- 
050 1 4 |a HD3526 ebook 
082 0 4 |a 334.0946 
100 1 |a Burzaco Samper, María,  |e author. 
245 1 0 |a Cooperativismo y poder público en España /  |c María Burzaco Samper. 
264 1 |a Madrid :  |b Editorial Dykinson, S.L.,  |c 2014. 
300 |a 1 online resource. 
336 |a text  |b txt  |2 rdacontent 
337 |a computer  |b c  |2 rdamedia 
338 |a online resource  |b cr  |2 rdacarrier 
347 |a text file  |2 rdaft 
347 |b PDF 
490 1 |a Dykinson eBook 
504 |a Includes bibliographical references. 
588 0 |a Online resource; title from PDF title page (Digitalia, viewed August 20, 2022) 
650 0 |a Cooperative societies  |z Spain. 
650 0 |a Cooperation  |z Spain. 
650 0 |a Power (Social sciences)  |z Spain. 
655 0 |a Electronic books. 
791 2 |a Digitalia (Firm),  |e distributor. 
793 0 |g Digitalia eBook Collection:  |a Dykinson Editorial 
830 0 |a Dykinson eBook. 
856 4 0 |3 Digitalia Hispánica  |u https://www.digitaliapublishing.com/a/40409/ 
910 |a Premium collection: 2022